Les 100 meilleurs clubs de foot UEFA - Statistiques

Statistiques générales
  • Ce quiz a été pris 283 fois
  • Le résultat moyen est 47 sur 100
Statistiques - réponses
Classement Coefficient UEFA Réponse % Correct
5 118.500 Paris Saint-Germain
98%
1 143.500 Real Madrid
98%
10 103.250 FC Barcelone
97%
2 137.750 Manchester City
96%
45 48.000 Olympique de Marseille
95%
6 116.250 Inter Milan
94%
4 125.500 Liverpool
94%
3 135.250 Bayern Munich
93%
11 102.500 Manchester United
93%
8 106.750 Borussia Dortmund
92%
51 43.750 Olympique Lyonnais
91%
14 93.500 Atlético Madrid
90%
12 98.500 Arsenal
89%
7 109.000 Chelsea
89%
22 74.250 Juventus Turin
89%
31 66.000 LOSC Lille
88%
9 104.500 AS Roma
82%
54 41.000 AS Monaco
81%
27 70.250 Tottenham Hotspur
80%
15 87.750 Benfica Lisbonne
79%
34 61.000 SSC Napoli
79%
30 67.250 Ajax Amsterdam
78%
36 58.000 FC Séville
78%
13 95.250 Bayer Leverkusen
75%
18 79.750 FC Porto
75%
35 59.000 Sporting CP
74%
87 20.000 OGC Nice
72%
21 76.000 Lazio Rome
70%
46 47.250 Aston Villa
69%
19 78.000 Milan AC
68%
28 69.250 PSV Eindhoven
68%
75 26.750 Athletic Club Bilbao
67%
55 40.000 Stade Rennais
63%
16 82.000 Atalanta Bergame
61%
40 52.250 Betis Séville
61%
17 82.000 Villarreal
61%
33 62.000 Fiorentina
60%
20 78.000 RB Leipzig
60%
59 38.000 Celtic Glasgow
58%
79 23.039 Newcastle
57%
58 38.250 Galatasaray
56%
25 71.250 Glasgow Rangers
54%
32 65.000 Real Sociedad
54%
29 69.000 West Ham
54%
26 71.000 Feyennord Rotterdam
52%
37 56.500 Olympiacos
49%
72 28.250 RSC Anderlecht
49%
44 48.000 RB Salzbourg
48%
23 74.000 Eintracht Francfort
47%
62 34.500 Young Boys de Berne
45%
49 44.875 FC Copenhague
44%
48 46.000 Sporting Braga
44%
50 44.000 Étoile Rouge de Belgrade
43%
47 47.250 Fenerbahce
42%
66 33.000 FC Bâle
38%
94 18.890 Girona FC
38%
43 49.000 Bodo/Glimt
36%
61 36.000 Union Saint-Gilloise
36%
78 23.039 Brighton & Hove Albion
35%
24 71.750 Club Brugge
35%
77 23.500 Dynamo Kiev
34%
80 23.039 Leicester
33%
42 51.000 Slavia Prague
32%
71 29.500 Sparta Prague
32%
70 31.000 Legia Varsovie
31%
89 19.446 Bologne FC
29%
83 23.000 Union Berlin
25%
39 54.500 AZ Alkmaar
24%
38 56.000 Dinamo Zagreb
24%
74 28.000 SC Fribourg
24%
53 42.000 KAA La Gantoise
21%
60 37.500 Maccabi Tel-Aviv
21%
69 32.000 Qarabag FK
21%
41 52.000 Shakhtar Donetsk
21%
68 32.250 SK Rapid Vienne
20%
57 39.000 Ferencvaros
18%
52 42.250 PAOK Salonique
18%
81 23.000 Sturm Graz
17%
91 19.000 TSG Hoffenheim
16%
98 18.000 Maccabi Haifa
14%
76 24.000 PFK Ludogorets Razgrad
14%
56 39.250 Viktoria Plzen
13%
95 18.890 CA Osasuna
12%
86 20.500 Royal Antwerp
12%
85 22.000 Partizan Belgrade
11%
92 19.000 CFR Cluj
10%
67 32.750 FC Midtjylland
10%
65 33.500 Slovan Bratislava
10%
84 22.500 Fotbal Club FCSB
9%
93 19.000 Lech Poznan
9%
82 23.000 Istanbul Basaksehir
8%
88 20.000 Sheriff Tiraspol
8%
73 28.000 LASK Linz
7%
64 33.750 Molde FK
7%
97 18.750 Vitoria SC
7%
90 19.250 FC Lugano
4%
96 18.890 Granada CF
3%
100 17.375 NK Olimpija Ljubljana
3%
99 17.875 Shamrock Rovers
3%
63 34.000 Djugardens IF
1%
Aucun quiz correspondant
Distribution des résultats
% des personnes avec chaque résultat
Percentile par nombre de réponses
Votre historique - résultats
Vous n’avez pas pris ce quiz